The PDR family guide : (Record no. 17168)

000 -LEADER
fixed length control field 01018cam a2200289 a 4500
001 - CONTROL NUMBER
control field 4014327
005 - DATE AND TIME OF LATEST TRANSACTION
control field 20161122120121.0
008 - FIXED-LENGTH DATA ELEMENTS--GENERAL INFORMATION
fixed length control field 970122s1997 nyu e 001 0 eng
010 ## - LIBRARY OF CONGRESS CONTROL NUMBER
LC control number 97000170
020 ## - INTERNATIONAL STANDARD BOOK NUMBER
International Standard Book Number 0609800698 (pbk. : alk. paper)
040 ## - CATALOGING SOURCE
Original cataloging agency DLC
Transcribing agency DLC
Modifying agency DLC
050 00 - LIBRARY OF CONGRESS CALL NUMBER
Classification number RC81.A2P37 1997
Item number P37 1997
082 00 - DEWEY DECIMAL CLASSIFICATION NUMBER
Edition number 21
245 04 - TITLE STATEMENT
Title The PDR family guide :
Remainder of title encyclopedia of medical care.
246 30 - VARYING FORM OF TITLE
Title proper/short title Encyclopedia of medical care
246 3# - VARYING FORM OF TITLE
Title proper/short title Physician's desk reference family guide
250 ## - EDITION STATEMENT
Edition statement 1st ed.
260 ## - PUBLICATION, DISTRIBUTION, ETC. (IMPRINT)
Place of publication, distribution, etc. New York :
Name of publisher, distributor, etc. Three Rivers Press,
Date of publication, distribution, etc. c1997.
300 ## - PHYSICAL DESCRIPTION
Extent xiii, 386 p. ;
Dimensions 23 cm.
440 #0 - SERIES STATEMENT/ADDED ENTRY--TITLE
Title PDR family guides
500 ## - GENERAL NOTE
General note Includes index.
650 #0 - SUBJECT ADDED ENTRY--TOPICAL TERM
Topical term or geographic name as entry element Medicine, Popular
General subdivision Encyclopedias.
906 ## - LOCAL DATA ELEMENT F, LDF (RLIN)
a 7
b cbc
c orignew
d 1
e ocip
f 19
g y-gencatlg
942 ## - ADDED ENTRY ELEMENTS (KOHA)
Source of classification or shelving scheme
Koha item type Hard Covered Materials
Classification part RC81.A2P37 1997
Holdings
Withdrawn status Lost status Source of classification or shelving scheme Damaged status Not for loan Home library Current library Shelving location Date acquired Source of acquisition Total Checkouts Full call number Barcode Date last seen Price effective from Koha item type
          MACHAKOS UNIVERSITY LIBRARY MACHAKOS UNIVERSITY LIBRARY Technical section 22/11/2016 Donation(B.F.A)   RC81.A2P37 1997 28008 12/06/2018 22/11/2016 Hard Covered Materials
© Machakos University Library, Along The Highway, Machakos Wote Rd, Machakos, Kenya P.O. Box 136 - 90100 Machakos - Kenya

Tel: ( +254 ) 723 805829 OR Fax : 044-20353 OR Email: library@mksu.ac.ke